| 000 | 01075nam a2200337Ia 4500 | ||
|---|---|---|---|
| 001 | dia_6033 | ||
| 003 | CHAP | ||
| 005 | 20230828134115.0 | ||
| 008 | 220117s2010 xx 000 0 und d | ||
| 010 | _a177220 | ||
| 020 | _a978-1-4419-2900-6 | ||
| 040 | _cCHAP | ||
| 082 | _a519.538 F34 2010 | ||
| 100 |
_aFahrmeir, Ludwig _9160515 |
||
| 245 |
_aMultivariate statistical modelling based on generalized linear models / _c Ludwig Fahrmeir y Gerhard Tutz |
||
| 250 | _a2a ed. | ||
| 260 |
_aEstados Unidos de América : _b Springer, _c2010 |
||
| 300 | _axxvi, 517 p. | ||
| 440 |
_aSpringer series in statistics _9109291 |
||
| 504 | _aBibliografía: p. 467-504 | ||
| 590 | _aQA278 F34 2010 | ||
| 650 |
_aAnálisis de multivarianza _9160482 |
||
| 650 |
_aLinear models _9160516 |
||
| 650 |
_aModelos lineales _9160517 |
||
| 650 |
_aMultivariate analysis _9154982 |
||
| 700 |
_aTutz, Gerhard, coaut. _9160518 |
||
| 901 | _a519.538 F34 2010 | ||
| 902 | _aM | ||
| 905 | _a5232272010 -USNM 8223123322ENG16 | ||
| 942 |
_cLIBRO _2ddc |
||
| 999 |
_c177220 _d177220 |
||